000 00562nam a2200229 a 4500
001 nice12345678
003 IN_TiNIC
005 20260116011856.0
008 070620s1960 kana grp 000 0 eng
020 _a
_c2500
082 0 0 _a220.4
_bDEV
245 _aDevotional Alphabertical Family Bible
260 _aKansas (USA)
_bDe Vore and Sons
_c1960
300 _a1088p
500 _aincludes index and biblioraphy
505 2 _aIndex
650 _aBible-Concordance
710 2 _aDe Vore and Sons
902 _bRHR
942 _cBK
999 _c4637
_d4637